[Event "WYCC U16 Open 2013"]
[Site "Al-Ain UAE"]
[Date "2013.12.20"]
[Round "3.13"]
[White "Wagner, Dennis"]
[Black "Zakaryan, David"]
[Result "1-0"]
[WhiteTitle "IM"]
[WhiteElo "2467"]
[BlackElo "2196"]
[WhiteFideId "24650684"]
[BlackFideId "24101923"]
[EventDate "2013.12.18"]

1. d4 Nf6 2. c4 e6 3. Nf3 d5 4. Nc3 Bb4 5. Bg5 Nbd7 6. cxd5 exd5 7. e3 c5 8.
dxc5 Qa5 9. Rc1 Qxa2 10. Bxf6 Nxf6 11. Bb5+ Bd7 12. Bxd7+ Nxd7 13. O-O Bxc3 14.
Rxc3 O-O 15. b4 Rfc8 16. Nd4 g6 17. Nb5 a5 18. Ra3 Qb2 19. Rb3 Qe5 20. Nd6 Rc7
21. f4 Qe7 22. f5 Nf6 23. fxg6 hxg6 24. Qd4 Ne8 25. Nxf7 Ng7 26. Nh6+ Kh7 27.
Rf7 Qxf7 28. Nxf7 Rxf7 29. Qxd5 Raf8 30. h3 Rf1+ 31. Kh2 a4 32. Ra3 Rb1 33. Qxb7
Rff1 34. Rxa4 Kh6 35. g4 Ne6 36. h4 Rb2+ 37. Kg3 Rg1+ 38. Kh3 Nf4+ 39. exf4 Rb3+
40. Kh2 Re1 41. Ra2 Rb2+ 42. Rxb2 1-0

[Event "WYCC U16 Open 2013"]
[Site "Al-Ain UAE"]
[Date "2013.12.20"]
[Round "3.14"]
[White "Khodashenas, Mersad"]
[Black "Karthikeyan, Murali"]
[Result "0-1"]
[BlackTitle "IM"]
[WhiteElo "2182"]
[BlackElo "2431"]
[WhiteFideId "12514195"]
[BlackFideId "5074452"]
[EventDate "2013.12.18"]

1. e4 c5 2. Nf3 e6 3. d4 cxd4 4. Nxd4 a6 5. Nc3 Qc7 6. f4 b5 7. Bd3 Bb7 8. Qe2
d6 9. Bd2 Nd7 10. O-O Ngf6 11. Rae1 Be7 12. Nb3 O-O 13. g4 b4 14. Nd1 d5 15. e5
Ne4 16. Be3 a5 17. Nf2 f6 18. Nd4 Nec5 19. exf6 Bxf6 20. Nh3 g6 21. Bb5 Rae8 22.
b3 e5 23. fxe5 Rxe5 24. Nf3 Re7 25. Qd1 Ne4 26. Bd4 Nc3 27. Bxc3 Bxc3 28. Rxe7
Qc5+ 29. Kg2 Qxe7 30. Qe2 Ne5 31. Nxe5 Rxf1 32. Kxf1 Bxe5 33. Qf3 Bxh2 34. Nf2
Bd6 35. Nd3 Qe6 36. Kg2 Bc8 37. Nf2 Bc5 38. Be2 Qf7 39. Nd3 Bd6 40. Qe3 Qe6 41.
Qf2 d4 42. Bf3 Qe3 43. Qh4 Qe7 44. Qf2 Qf6 45. Qe1 Kg7 46. Qe8 Be6 47. Qc6 Bf7
48. Qe4 h5 49. Nf2 Qf4 50. Qxf4 Bxf4 51. Nd3 Bd6 52. Nf2 Kf6 53. Bc6 Bc7 54. Bf3
hxg4 55. Bxg4 Kg5 56. Bf3 Kf4 57. Nd1 g5 58. Kf2 Bg6 59. Nb2 Bxc2 60. Be2 g4 61.
Nd3+ Kf5 62. Ne1 g3+ 63. Kg2 Be4+ 64. Kf1 Kf4 65. Bd3 Bxd3+ 66. Nxd3+ Ke3 67.
Nb2 Kd2 68. Nc4+ Kc1 69. Ke2 d3+ 0-1

[Event "WYCC U16 Open 2013"]
[Site "Al-Ain UAE"]
[Date "2013.12.20"]
[Round "3.15"]
[White "Hu, Bryan"]
[Black "Vavulin, Maksim"]
[Result "1/2-1/2"]
[WhiteElo "2176"]
[BlackElo "2410"]
[WhiteFideId "2066327"]
[BlackFideId "4169530"]
[EventDate "2013.12.18"]

1. d4 Nf6 2. Nf3 e6 3. c4 b6 4. g3 Ba6 5. b3 b5 6. Bg2 bxc4 7. Ne5 c6 8. bxc4
Qc7 9. Qa4 Bb7 10. O-O c5 11. Bxb7 Qxb7 12. Be3 cxd4 13. Bxd4 Be7 14. Nc3 O-O
15. Rab1 Qc8 16. Rfc1 d6 17. Nd3 Nfd7 18. c5 dxc5 19. Ne4 Na6 20. Qa5 Rd8 21.
Nexc5 Ndxc5 22. Nxc5 Nxc5 23. Bxc5 Rd5 24. Bb4 Qb8 25. Be1 Qe5 26. Qc7 Qxc7 27.
Rxc7 Bd8 28. Rcb7 Bb6 29. a4 h6 30. Rc1 Rad8 31. Kg2 Rd1 32. Rxd1 Rxd1 33. Bc3
Rd5 34. Rb8+ Kh7 35. Rc8 Rf5 36. e3 Rd5 37. e4 Rc5 1/2-1/2

[Event "WYCC U16 Open 2013"]
[Site "Al-Ain UAE"]
[Date "2013.12.20"]
[Round "3.16"]
[White "Markoja, Boris"]
[Black "Wang, Yiye"]
[Result "0-1"]
[WhiteElo "2167"]
[BlackElo "2408"]
[WhiteFideId "14608502"]
[BlackFideId "8606021"]
[EventDate "2013.12.18"]

1. c4 c5 2. g3 Nf6 3. Bg2 g6 4. Nc3 Bg7 5. Nf3 O-O 6. O-O Nc6 7. d4 cxd4 8. Nxd4
Qb6 9. e3 d6 10. b3 Bg4 11. Qd2 Nxd4 12. exd4 Nd7 13. Nd5 Qxd4 14. Nxe7+ Kh8 15.
Qxd4 Bxd4 16. Rb1 Rae8 17. Re1 Bf6 18. Re4 Rxe7 19. Rxg4 Re1+ 20. Bf1 Ne5 21.
Rf4 Bg5 22. Ra1 Bxf4 23. gxf4 Nf3+ 24. Kg2 Kg8 25. Bb2 Rxa1 26. Bxa1 Nh4+ 27.
Kg3 Nf5+ 28. Kf3 Re8 29. Bc3 Kf8 30. Bd3 Re6 31. a4 b6 32. Kg4 Ke8 33. Kf3 Kd7
34. Kg4 a5 35. Kf3 Kc6 0-1

[Event "WYCC U16 Open 2013"]
[Site "Al-Ain UAE"]
[Date "2013.12.20"]
[Round "3.17"]
[White "Ali Marandi, Cemil Can"]
[Black "Popov, Kirill"]
[Result "1-0"]
[WhiteTitle "IM"]
[WhiteElo "2391"]
[BlackElo "2158"]
[WhiteFideId "6300529"]
[BlackFideId "24157457"]
[EventDate "2013.12.18"]

1. e4 c5 2. c3 e6 3. Nf3 d5 4. exd5 exd5 5. d4 Nc6 6. Bb5 Bd6 7. O-O Ne7 8. dxc5
Bxc5 9. Nbd2 O-O 10. Nb3 Bd6 11. Bd3 Ng6 12. h3 Nce5 13. Nxe5 Nxe5 14. Bc2 Bc7
15. Bf4 Qf6 16. Bg3 Bd7 17. Re1 Rfe8 18. Nd4 Rac8 19. Ba4 Bxa4 20. Qxa4 Bb6 21.
Rad1 Nc6 22. Nf3 Rxe1+ 23. Rxe1 h6 24. Qg4 Rf8 25. Qd7 d4 26. Bh4 g5 27. Bg3
dxc3 28. bxc3 Qxc3 29. Qxb7 Nd4 30. Qe4 Nxf3+ 31. gxf3 Bd4 32. Kg2 Bg7 33. h4
Qd4 34. hxg5 Qxe4 35. Rxe4 hxg5 36. Ra4 Ra8 37. Ra5 Bd4 38. Rxg5+ Kh7 39. Rd5
Bb6 40. Rd7 Kg6 41. Rd6+ f6 42. Be5 Rf8 43. Bc3 Rf7 44. a4 Kf5 45. Rc6 Rc7 46.
Rxf6+ Kg5 47. f4+ Kh5 48. Bd2 Rc2 49. Rd6 Bc7 50. Rd7 Bb8 51. f5 Be5 52. Kf3 1-0

[Event "WYCC U16 Open 2013"]
[Site "Al-Ain UAE"]
[Date "2013.12.20"]
[Round "3.18"]
[White "Daskalov, Dimitar"]
[Black "Faizrakhmanov, Ramil"]
[Result "1/2-1/2"]
[BlackTitle "FM"]
[WhiteElo "2156"]
[BlackElo "2357"]
[WhiteFideId "2902800"]
[BlackFideId "24103209"]
[EventDate "2013.12.18"]

1. e4 e6 2. d4 d5 3. Nd2 a6 4. Ngf3 c5 5. exd5 exd5 6. dxc5 Bxc5 7. Bd3 Nf6 8.
Nb3 Bb6 9. Qe2+ Qe7 10. Qxe7+ Kxe7 11. Nfd4 Re8 12. O-O Kf8 13. c3 Nc6 14. Nxc6
bxc6 15. Bf4 Ne4 16. Bxe4 dxe4 17. Be3 Rb8 18. Nc5 Bxc5 19. Bxc5+ Kg8 20. b4 Bg4
21. Rfe1 f5 22. Rab1 Rbd8 23. Bd4 Kf7 24. Rb3 Rd5 25. Ra3 Ra8 26. h3 Bh5 27. Be3
Kf6 28. c4 Rdd8 29. Ra5 Bf7 30. Rc5 Rac8 31. g4 Be6 32. a4 Rd3 33. gxf5 Bxf5 34.
Kh2 g6 35. Rb1 h5 36. Ra5 Be6 37. Rxa6 Bxc4 38. b5 Ke5 39. Rxc6 Rxc6 40. bxc6
Rc3 41. c7 Bd5 42. Rc1 Rxc1 43. Bxc1 Bb7 44. Kg3 Kf5 45. h4 Ke5 46. Bf4+ Kd5 47.
Bg5 Ke5 48. Kg2 e3+ 49. Kf1 exf2 50. Kxf2 Kd6 51. Bd8 Kc5 52. Ke3 Kb4 53. Kf4
Kxa4 54. Kg5 Bc8 55. Kxg6 Bg4 56. Kf6 Kb5 1/2-1/2

[Event "WYCC U16 Open 2013"]
[Site "Al-Ain UAE"]
[Date "2013.12.20"]
[Round "3.19"]
[White "Pamatmat, Jarod M"]
[Black "Bellahcene, Bilel"]
[Result "0-1"]
[BlackTitle "FM"]
[WhiteElo "2164"]
[BlackElo "2311"]
[WhiteFideId "2029685"]
[BlackFideId "696358"]
[EventDate "2013.12.18"]

1. d4 Nf6 2. c4 e6 3. Nc3 Bb4 4. Bg5 c5 5. d5 h6 6. Bh4 b5 7. cxb5 Bb7 8. dxe6
fxe6 9. a3 Bxc3+ 10. bxc3 O-O 11. e3 Qa5 12. Bxf6 Rxf6 13. Qd2 c4 14. Qb2 a6 15.
b6 Nc6 16. Nf3 Rb8 17. Be2 Ba8 18. Rb1 Ne5 19. Qb4 Qd5 20. Rd1 Nd3+ 21. Bxd3
cxd3 22. c4 Qc6 23. c5 Rxf3 24. gxf3 Qxf3 25. Kd2 Qe2+ 26. Kc3 Qc2+ 27. Kd4 e5+
28. Kxe5 Bxh1 29. Rxh1 d2 30. Qd4 Re8+ 31. Kf4 Rf8+ 32. Kg3 d1=Q 33. Qxd1 Qxf2+
34. Kg4 Qg2+ 35. Kh4 g5+ 36. Kh5 Qh3+ 37. Kg6 Rf6+ 0-1

[Event "WYCC U16 Open 2013"]
[Site "Al-Ain UAE"]
[Date "2013.12.20"]
[Round "3.20"]
[White "Enkhnar, Enkhbaatar"]
[Black "Todorovic, Nenad I"]
[Result "1-0"]
[WhiteElo "2309"]
[BlackElo "2125"]
[WhiteFideId "4900324"]
[BlackFideId "912832"]
[EventDate "2013.12.18"]

1. Nf3 c5 2. c4 Nc6 3. g3 g6 4. Bg2 Bg7 5. Nc3 d6 6. b3 e5 7. O-O Nge7 8. Bb2
O-O 9. Ne1 Be6 10. Nd5 Qd7 11. f4 Bh3 12. Bxh3 Qxh3 13. Nxe7+ Nxe7 14. fxe5 Bxe5
15. Bxe5 dxe5 16. Nd3 Qd7 17. Qe1 b6 18. Qf2 f6 19. Rad1 Nc6 20. Qe3 Rae8 21. h4
Nd4 22. Qf2 Qh3 23. e4 f5 24. Qg2 Qg4 25. Rde1 fxe4 26. Rxf8+ Kxf8 27. Rf1+ Kg7
28. Nf2 Nf3+ 29. Kh1 Qf5 30. Nxe4 Qxe4 31. Rxf3 Qb7 32. Rd3 Qxg2+ 33. Kxg2 Kf6
34. Rd7 Re7 35. Rd5 Kf5 36. Kf3 h5 37. a3 Rc7 38. d3 a5 39. Rd8 Rc6 40. Rf8+ Rf6
41. Rxf6+ Kxf6 42. g4 hxg4+ 43. Kxg4 Kg7 44. h5 gxh5+ 45. Kxh5 Kf7 46. Kg4 Kf6
47. Kf3 Kf5 48. Ke3 Ke6 49. Ke4 Kf6 50. Kd5 Kf5 51. Kc6 Kf4 52. Kxb6 Ke3 53.
Kxc5 Kxd3 54. Kb5 e4 55. c5 e3 56. c6 e2 57. c7 e1=Q 58. c8=Q Qa1 59. Qc5 Qb2
60. Qd5+ Kc2 61. Qg2+ Kxb3 62. Qxb2+ Kxb2 63. a4 1-0

[Event "WYCC U16 Open 2013"]
[Site "Al-Ain UAE"]
[Date "2013.12.20"]
[Round "3.21"]
[White "Stathopoulos, Ioannis"]
[Black "Rohan, Ahuja"]
[Result "1-0"]
[WhiteTitle "FM"]
[WhiteElo "2297"]
[BlackElo "2128"]
[WhiteFideId "4223098"]
[BlackFideId "5090598"]
[EventDate "2013.12.18"]

1. d4 Nf6 2. c4 e6 3. Nf3 Bb4+ 4. Bd2 Qe7 5. Nc3 Nc6 6. d5 exd5 7. Nxd5 Nxd5 8.
cxd5 Ne5 9. Nxe5 Bxd2+ 10. Qxd2 Qxe5 11. Rc1 O-O 12. g3 b6 13. Bg2 Ba6 14. f4
Qd6 15. e4 Rfe8 16. Kf2 f6 17. Rhd1 Bb7 18. Qc3 Rac8 19. Qb3 Kh8 20. Kg1 a6 21.
a4 b5 22. a5 Qe7 23. e5 Ba8 24. d6 cxd6 25. Rxc8 Rxc8 26. Bxa8 Rxa8 27. Rxd6
fxe5 28. Qd5 Ra7 29. fxe5 Qg5 30. e6 Qc1+ 31. Qd1 Qe3+ 32. Kg2 Ra8 33. exd7 Rf8
34. d8=Q Qe4+ 35. Kh3 1-0

[Event "WYCC U16 Open 2013"]
[Site "Al-Ain UAE"]
[Date "2013.12.20"]
[Round "3.22"]
[White "Nikolov, Rumen"]
[Black "Stremavicius, Titas"]
[Result "0-1"]
[WhiteElo "2023"]
[BlackElo "2279"]
[WhiteFideId "2911620"]
[BlackFideId "12804444"]
[EventDate "2013.12.18"]

1. e4 c5 2. Nf3 Nc6 3. d4 cxd4 4. Nxd4 Nf6 5. Nc3 d6 6. g3 g6 7. Nde2 Bg7 8. Bg2
O-O 9. O-O Bd7 10. h3 Rc8 11. Be3 a6 12. a4 Qc7 13. Rc1 Rfd8 14. Nd5 Nxd5 15.
exd5 Nb8 16. c3 b5 17. axb5 axb5 18. Bd4 e5 19. dxe6 fxe6 20. Bxg7 Kxg7 21. Ra1
e5 22. Qb3 Qc4 23. Qxc4 bxc4 24. Rfd1 Bf5 25. Ra7+ Kh8 26. Nc1 Rc5 27. g4 Be6
28. Re7 Bg8 29. Na2 Na6 30. Nb4 Nxb4 31. cxb4 Rb5 32. Rb7 Rxb7 33. Bxb7 d5 34.
b5 d4 35. Bc6 Bd5 36. Kf1 d3 37. Ke1 Bxc6 38. bxc6 Rd6 39. Kd2 Rxc6 40. Re1 Rf6
41. Ke3 Rb6 42. Rc1 Rb4 43. b3 cxb3 44. Kxd3 b2 45. Rb1 Kg7 46. Kc3 Rb8 47. h4
Kf6 48. f3 e4 49. fxe4 Ke5 50. Kd3 h6 51. h5 g5 52. Ke3 Rb3+ 0-1

[Event "WYCC U16 Open 2013"]
[Site "Al-Ain UAE"]
[Date "2013.12.20"]
[Round "3.23"]
[White "Juhasz, Armin"]
[Black "Lien, Kjell Hakon"]
[Result "1-0"]
[WhiteElo "2272"]
[BlackElo "2011"]
[WhiteFideId "724270"]
[BlackFideId "1510444"]
[EventDate "2013.12.18"]

1. Nf3 e6 2. c4 f5 3. g3 Nf6 4. Bg2 d5 5. b3 c6 6. O-O Bd6 7. Ba3 Bxa3 8. Nxa3
Qd6 9. Nb1 e5 10. d4 e4 11. Ne5 Nbd7 12. f4 O-O 13. Nc3 Qe6 14. Bh3 dxc4 15.
Nxc4 Nb6 16. Ne3 Nfd5 17. Ncxd5 Nxd5 18. Qd2 Nxe3 19. Qxe3 Qh6 20. Bg2 Be6 21.
Rac1 Bd5 22. Rc5 a5 23. a3 a4 24. b4 b5 25. Rfc1 Rad8 26. Qc3 Rd6 27. e3 Qg6 28.
Qe1 Rff6 29. Bf1 Qf7 30. Bxb5 h5 31. Bxa4 h4 32. Bd1 hxg3 33. hxg3 Rg6 34. R1c2
Rxg3+ 35. Qxg3 Rg6 36. Rg2 Rxg3 37. Rxg3 Qf6 38. Rc2 1-0

[Event "WYCC U16 Open 2013"]
[Site "Al-Ain UAE"]
[Date "2013.12.20"]
[Round "3.24"]
[White "Kumsiashvili, Nikoloz"]
[Black "Asgarizadeh, Ahmad"]
[Result "0-1"]
[WhiteElo "2126"]
[BlackElo "2267"]
[WhiteFideId "13600621"]
[BlackFideId "12505684"]
[EventDate "2013.12.18"]

1. d4 Nf6 2. c4 c5 3. d5 e6 4. Nc3 exd5 5. cxd5 d6 6. Nf3 g6 7. Bf4 Bg7 8. Qa4+
Bd7 9. Qb3 Qc7 10. e4 O-O 11. Be2 b5 12. e5 Nh5 13. exd6 Qa5 14. Bd2 Re8 15. Nd1
Qb6 16. Be3 Na6 17. Nc3 b4 18. Nb1 Qxd6 19. O-O Nc7 20. Rd1 a5 21. a4 Nf6 22.
Bc4 Rad8 23. g3 Nh5 24. Nbd2 Bg4 25. Rac1 Kh8 26. h3 Bxf3 27. Nxf3 Nxg3 28. Ng5
Rd7 29. Bxc5 Qxc5 30. Qxg3 Bxb2 31. Bb5 Bxc1 32. Bxd7 Re7 33. Bc6 Bxg5 34. Qxg5
Qd6 35. Qg3 Re5 36. Kg2 f6 37. h4 Kg7 38. Qd3 Rf5 39. Qd4 Rf4 40. Qb6 Rg4+ 41.
Kh3 Qf4 42. Rd3 Rxh4+ 43. Kg2 Qe4+ 44. Rf3 Rg4+ 45. Kh2 Qxf3 0-1

[Event "WYCC U16 Open 2013"]
[Site "Al-Ain UAE"]
[Date "2013.12.20"]
[Round "3.25"]
[White "Toma, Radu-Cristian"]
[Black "Sultan, Ibrahim"]
[Result "0-1"]
[WhiteElo "2245"]
[BlackElo "1954"]
[WhiteFideId "1217992"]
[BlackFideId "9301143"]
[EventDate "2013.12.18"]

1. d4 d5 2. Nf3 Nf6 3. c4 e6 4. Nc3 c6 5. e3 Nbd7 6. Bd3 dxc4 7. Bxc4 b5 8. Bd3
Bb7 9. O-O Bd6 10. e4 e5 11. dxe5 Nxe5 12. Nxe5 Bxe5 13. Kh1 O-O 14. f4 Bxc3 15.
bxc3 c5 16. e5 Qd5 17. Qc2 c4 18. Bf5 Ne4 19. Ba3 Rfd8 20. Rae1 Nd2 21. Rf2 g6
22. Rd1 Qc6 23. Rfxd2 Rxd2 24. Qxd2 gxf5 25. Be7 h6 26. Qf2 Re8 27. Bf6 Kh7 28.
Qc2 Rg8 29. Rd2 Qe4 30. Qxe4 fxe4 31. Kg1 e3 32. Rc2 Bxg2 33. Rxg2 e2 34. Bh4 b4
35. Rxg8 Kxg8 36. Kf2 b3 0-1

[Event "WYCC U16 Open 2013"]
[Site "Al-Ain UAE"]
[Date "2013.12.20"]
[Round "3.26"]
[White "Mezhlumyan, Marat"]
[Black "Mosadeghpour, Masoud"]
[Result "1/2-1/2"]
[WhiteElo "1927"]
[BlackElo "2230"]
[WhiteFideId "13302973"]
[BlackFideId "12519278"]
[EventDate "2013.12.18"]

1. e4 e5 2. Nf3 Nf6 3. Nxe5 d6 4. Nf3 Nxe4 5. Qe2 Qe7 6. d3 Nf6 7. Bg5 Qxe2+ 8.
Bxe2 Be7 9. Nc3 c6 10. d4 h6 11. Bf4 O-O 12. d5 g5 13. Bg3 Nh5 14. Nd4 Nxg3 15.
hxg3 Kg7 16. g4 Bf6 17. O-O-O Be5 18. Ne4 cxd5 19. Ng3 Bxg3 20. fxg3 Nc6 21. Nb5
Rd8 22. Nc7 Rb8 23. Nxd5 Re8 24. Nc3 Ne5 25. Rxd6 Bxg4 26. Rdxh6 Bxe2 27. Rh7+
Kf6 28. Nxe2 Ng4 29. Nc3 Kg6 30. R7h3 Rbd8 31. Rf1 Ne3 32. Rf2 Nxg2 33. Rh1 Ne3
34. Re1 Nf5 35. Rg1 Nd4 36. Rd1 Ne6 37. Rdf1 Re7 38. Rf6+ Kg7 39. R6f5 Rd4 40.
Nb5 Rdd7 41. Nxa7 Kg6 42. Nc8 Re8 43. Nb6 Rc7 44. Nd5 Rxc2+ 45. Kb1 Nd4 46. Rf6+
Kh5 47. Rh1+ Kg4 48. Rd1 Rd2 49. Rff1 Ree2 50. Nf6+ Kh3 51. Rxd2 Rxd2 52. Ne4
Rd3 53. a4 f5 54. Nxg5+ Kg2 55. Rf4 Rd1+ 56. Ka2 Kxg3 57. Ne6 Nxe6 58. Rxf5 Kg4
59. Rf7 Nd8 60. Rf6 Rc1 61. Rb6 Kf5 62. a5 Rc6 63. Rb4 Ke5 64. Rh4 Rc2 65. Ra4
Nc6 66. a6 bxa6 67. Rxa6 1/2-1/2

[Event "WYCC U16 Open 2013"]
[Site "Al-Ain UAE"]
[Date "2013.12.20"]
[Round "3.27"]
[White "Li, Xiang Wei  William"]
[Black "Jarmula, Lukasz"]
[Result "0-1"]
[WhiteElo "1846"]
[BlackElo "2213"]
[WhiteFideId "4303300"]
[BlackFideId "1160664"]
[EventDate "2013.12.18"]

1. c4 e6 2. g3 d5 3. Bg2 Nf6 4. Nf3 dxc4 5. Qa4+ c6 6. Qxc4 b5 7. Qc2 Bb7 8. Nc3
Nbd7 9. O-O a6 10. d4 c5 11. dxc5 Bxc5 12. Bg5 O-O 13. e4 b4 14. e5 bxc3 15.
exf6 Nxf6 16. Rad1 Qe7 17. Qxc3 Rac8 18. Qe5 h6 19. Be3 Bd5 20. b3 Bd6 21. Qd4
Rc2 22. Qa4 Qb7 23. Ne1 Re2 24. Rd2 Rxd2 25. Bxd2 Rc8 26. Be3 Bb4 27. Bxd5 Nxd5
28. Nd3 Nc3 0-1

[Event "WYCC U16 Open 2013"]
[Site "Al-Ain UAE"]
[Date "2013.12.20"]
[Round "3.29"]
[White "Ghvamberia, Nika"]
[Black "Repka, Christopher"]
[Result "1-0"]
[WhiteElo "2086"]
[BlackElo "2391"]
[WhiteFideId "13602128"]
[BlackFideId "14918781"]
[EventDate "2013.12.18"]

1. e4 e6 2. d4 d5 3. Nc3 Nf6 4. Bg5 Be7 5. e5 Nfd7 6. h4 h6 7. Be3 c5 8. Qg4 Kf8
9. O-O-O Nc6 10. f4 cxd4 11. Bxd4 Nxd4 12. Rxd4 Nc5 13. Nh3 Bd7 14. Rd1 b5 15.
Bd3 b4 16. Ne2 Qa5 17. Kb1 Rc8 18. Nd4 Qc7 19. h5 Ba4 20. Rc1 Qb8 21. Nf2 Nxd3
22. Nxd3 Bd7 1-0

[Event "WYCC U16 Open 2013"]
[Site "Al-Ain UAE"]
[Date "2013.12.20"]
[Round "3.30"]
[White "Horton, Andrew P"]
[Black "Lampert, Jonas"]
[Result "1/2-1/2"]
[WhiteElo "2086"]
[BlackElo "2378"]
[WhiteFideId "424269"]
[BlackFideId "1303759"]
[EventDate "2013.12.18"]

1. Nf3 d5 2. c4 d4 3. b4 Bg4 4. d3 Bxf3 5. exf3 e5 6. a3 a5 7. b5 Nf6 8. g3 Bd6
9. Bg2 Nbd7 10. O-O Nc5 11. f4 O-O 12. fxe5 Bxe5 13. Nd2 Nfd7 14. Nf3 a4 15. Ra2
Bf6 16. Re2 Re8 17. Rxe8+ Qxe8 18. Re1 Qf8 19. Bb2 Ne6 20. Nd2 Ndc5 21. Ne4 Qd8
22. Bc1 Rb8 23. Nxc5 Nxc5 24. Be4 b6 25. Bd2 Be7 26. Bc1 Qf8 27. Bc6 Nb3 28. Bf4
Bd6 29. Qf3 Bxf4 30. Qxf4 Qd6 31. Qxd6 cxd6 32. Re7 Nc5 33. Bd5 Rf8 1/2-1/2

[Event "WYCC U16 Open 2013"]
[Site "Al-Ain UAE"]
[Date "2013.12.20"]
[Round "3.31"]
[White "Lekic, Lazar"]
[Black "Kourkoulos-Arditis, Stamatis"]
[Result "0-1"]
[WhiteElo "2071"]
[BlackElo "2297"]
[WhiteFideId "900052"]
[BlackFideId "4221990"]
[EventDate "2013.12.18"]

1. e4 c5 2. Nf3 e6 3. g3 Nc6 4. Bg2 Nf6 5. Qe2 d5 6. exd5 Nxd5 7. O-O Be7 8. Rd1
Bf6 9. Nc3 O-O 10. Ne4 Be7 11. d4 cxd4 12. Nxd4 Nxd4 13. Rxd4 Nf4 14. Nf6+ Bxf6
15. Rxf4 e5 16. Rb4 Qe7 17. a3 Rb8 18. Be3 b6 19. c4 Bf5 20. Rb5 Rbc8 21. a4 Bd7
22. Rb3 e4 23. Bd2 Be6 24. Rc1 Rfe8 25. a5 bxa5 26. Qxe4 a4 27. Rb4 Qd7 28. Qf4
Red8 29. Be1 Rc7 30. c5 Qe7 31. Qe3 Bg5 32. f4 Bf6 33. Kh1 Qd7 34. c6 Qd6 35.
Bc3 Bxc3 36. Qxc3 Bd5 37. Rxa4 Rxc6 38. Qxc6 Bxc6 39. Bxc6 Qb8 40. b4 Qb6 41.
Ra2 a6 42. Bg2 h5 43. Rca1 Qxb4 44. Rxa6 Rd2 45. Rg1 Rxg2 0-1

[Event "WYCC U16 Open 2013"]
[Site "Al-Ain UAE"]
[Date "2013.12.20"]
[Round "3.32"]
[White "Grunau, Christoph"]
[Black "Petrosyan, Manuel"]
[Result "0-1"]
[BlackTitle "CM"]
[WhiteElo "2066"]
[BlackElo "2294"]
[WhiteFideId "12929760"]
[BlackFideId "13300857"]
[EventDate "2013.12.18"]

1. e4 c5 2. Nf3 e6 3. d3 Nc6 4. g3 d6 5. Bg2 Nf6 6. O-O Be7 7. c3 c4 8. Nd4 Nxd4
9. cxd4 cxd3 10. Nc3 O-O 11. Qxd3 Rb8 12. Rd1 Nd7 13. Bf4 a6 14. a4 b6 15. Rac1
Bb7 16. Nb1 Rc8 17. Rxc8 Qxc8 18. Qa3 Nf6 19. Rc1 Qd7 20. Nd2 e5 21. Be3 d5 22.
Qb3 exd4 23. Bxd4 dxe4 24. Bxf6 Qxd2 25. Rd1 Qb4 26. Qxb4 Bxb4 27. Bd8 Bc5 28.
b4 Bxb4 29. Bxb6 a5 30. Bf1 h6 31. Bb5 Bc8 32. Rd4 f5 33. Rc4 Be6 34. Rc7 Rc8
35. Ra7 Bd5 36. Kf1 Rc1+ 37. Kg2 e3+ 38. Kh3 exf2 39. Bxf2 Rc2 40. Bd4 Bf8 41.
Bd7 Bg2+ 42. Kh4 Be7+ 43. Kh5 Kf7 44. g4 Bf3 45. h4 Bxg4# 0-1

[Event "WYCC U16 Open 2013"]
[Site "Al-Ain UAE"]
[Date "2013.12.20"]
[Round "3.33"]
[White "Liu, Zhaoqi"]
[Black "Huber, Martin Christian"]
[Result "0-1"]
[WhiteElo "2061"]
[BlackElo "2290"]
[WhiteFideId "8609381"]
[BlackFideId "1623435"]
[EventDate "2013.12.18"]

1. d4 Nf6 2. c4 g6 3. Nc3 d5 4. cxd5 Nxd5 5. Bd2 Bg7 6. e4 Nxc3 7. Bxc3 O-O 8.
Qd2 c5 9. d5 e6 10. Bxg7 Kxg7 11. Bc4 exd5 12. Bxd5 Nd7 13. Ne2 Nf6 14. Qc3 Qe7
15. O-O Kg8 16. Nf4 Be6 17. Rfe1 Bxd5 18. e5 Bc6 19. exf6 Qd6 20. g3 Rad8 21. h4
Qd4 22. Rac1 Rfe8 23. Re7 Qxc3 24. Rxe8+ Rxe8 25. bxc3 Bf3 26. c4 h6 27. Kf1 g5
28. hxg5 hxg5 29. Rc3 Bc6 30. Nd5 Re6 31. g4 Bxd5 32. cxd5 Rxf6 0-1

[Event "WYCC U16 Open 2013"]
[Site "Al-Ain UAE"]
[Date "2013.12.20"]
[Round "3.34"]
[White "Bezuidenhout, Roland"]
[Black "Dale, Ari"]
[Result "1/2-1/2"]
[WhiteTitle "CM"]
[BlackTitle "IM"]
[WhiteElo "2037"]
[BlackElo "2289"]
[WhiteFideId "14304562"]
[BlackFideId "3213145"]
[EventDate "2013.12.18"]

1. e4 c5 2. Nf3 e6 3. g3 d5 4. exd5 exd5 5. d4 Nc6 6. Bg2 Bg4 7. c3 cxd4 8. O-O
Be7 9. Qb3 Qd7 10. Nxd4 Rd8 11. Re1 h5 12. Bf4 h4 13. Nb5 Kf8 14. N1a3 hxg3 15.
Bxg3 Nh6 16. Nc7 Nf5 17. Nxd5 Nxg3 18. fxg3 Bc5+ 19. Ne3 Re8 20. Nc2 Re5 21. Qc4
Ne7 22. Nd4 b5 23. Qd3 Bh3 24. Nf1 Reh5 25. Qe4 Bxd4+ 26. cxd4 Bxg2 27. Kxg2 g6
28. Rac1 Nd5 29. Kg1 Nf6 30. Qf4 Rf5 31. Qd2 Ng4 32. Qc3 Kg7 33. d5+ Kh7 34. Qd4
Rxd5 35. Qf4 Rd6 36. Ne3 Nf6 37. Rcd1 Rxd1 38. Rxd1 Qe7 39. Rf1 Rd8 40. Qh4+ Kg8
41. Qxf6 Qxe3+ 42. Qf2 Qe7 43. b3 Rd6 44. Re1 Qd7 45. Qe2 Rd2 46. Qe8+ Qxe8 47.
Rxe8+ Kg7 48. Re5 Rxa2 49. Rxb5 a6 50. Rb6 f5 51. b4 Kh6 52. b5 a5 53. Ra6 Kh5
54. h3 g5 55. Rf6 Rb2 56. Rxf5 a4 57. b6 Rxb6 1/2-1/2

[Event "WYCC U16 Open 2013"]
[Site "Al-Ain UAE"]
[Date "2013.12.20"]
[Round "3.35"]
[White "Lamard, Guillaume"]
[Black "Montilli, Vincenzo"]
[Result "1-0"]
[WhiteTitle "FM"]
[WhiteElo "2288"]
[BlackElo "2039"]
[WhiteFideId "600261"]
[BlackFideId "883913"]
[EventDate "2013.12.18"]

1. d4 Nf6 2. c4 g6 3. Nc3 Bg7 4. Nf3 d6 5. Bg5 O-O 6. e3 c5 7. d5 Na6 8. Be2 Nc7
9. O-O Rb8 10. h3 Bd7 11. a4 h6 12. Bf4 b6 13. e4 a6 14. e5 Nfe8 15. Ne4 Bf5 16.
Ng3 Qd7 17. Re1 g5 18. Nxf5 Qxf5 19. Bh2 Qd7 20. Bd3 b5 21. b3 bxc4 22. bxc4 Rb4
23. Qe2 f5 24. exf6 exf6 25. Bc2 f5 26. Rad1 Bc3 27. Rf1 Qg7 28. Nd2 f4 29. Ne4
Be5 30. Rb1 a5 31. Kh1 Na6 32. g3 f3 33. Qd3 Rxb1 34. Bxb1 Nb4 35. Qd2 Qd7 36.
g4 Bf4 37. Qc3 Qg7 38. Qxg7+ Kxg7 39. Bxf4 Rxf4 40. Re1 Kf8 41. Kh2 h5 42. gxh5
Nf6 43. Nxf6 Rxf6 44. Bg6 Kg7 45. Re7+ Kf8 46. Ra7 1-0

[Event "WYCC U16 Open 2013"]
[Site "Al-Ain UAE"]
[Date "2013.12.20"]
[Round "3.36"]
[White "Lo, Ryan"]
[Black "Bilguun, Sumiya"]
[Result "0-1"]
[BlackTitle "FM"]
[WhiteElo "2025"]
[BlackElo "2270"]
[WhiteFideId "2609088"]
[BlackFideId "4901541"]
[EventDate "2013.12.18"]

1. d4 d5 2. c4 e6 3. Nc3 c6 4. cxd5 exd5 5. Qc2 g6 6. Nf3 Bf5 7. Qb3 Qb6 8. Qd1
Nf6 9. e3 Bg7 10. Be2 O-O 11. O-O Re8 12. Na4 Qc7 13. Bd2 Nbd7 14. Rc1 Ne4 15.
b4 a6 16. Nh4 Be6 17. Bd3 Bf6 18. Nf3 Bg4 19. Rc2 b5 20. Nc3 Qd6 21. Be1 Nb6 22.
h3 Bf5 23. Kh1 Nc4 24. g4 Nxc3 25. Bxc3 Bxd3 26. Qxd3 Qe6 27. Ne5 Bg7 28. Qe2
Rad8 29. Nd3 Bf8 30. Nc5 Bxc5 31. dxc5 d4 32. Bxd4 Rxd4 33. exd4 Qxe2 34. Rxe2
Rxe2 35. d5 cxd5 36. c6 Re7 0-1